SEAMEO SEARCA

Salvato in:
Dettagli Bibliografici
Natura: Libro
Lingua:Undetermined
Pubblicazione: Thailand Asian Institute of Technology Bangkok 2002
Soggetti:
Tags: Aggiungi Tag
Nessun Tag, puoi essere il primo ad aggiungerne! !
Thư viện lưu trữ: Trung tâm Học liệu Trường Đại học Cần Thơ
LEADER 00466nam a2200169Ia 4500
001 CTU_238006
008 210402s9999 xx 000 0 und d
082 |a 630 
082 |b S727 
245 0 |a SEAMEO SEARCA 
260 |a Thailand 
260 |b Asian Institute of Technology Bangkok 
260 |c 2002 
650 |a Nông nghiệp,Agriculture 
650 |x Nghiên cứu,Research 
910 |b nthai 
980 |a Trung tâm Học liệu Trường Đại học Cần Thơ